Statistics for liverpool fc squad 2000/2001

Click here to take the quiz!

General Stats

  • This quiz has been taken 172 times
  • The average score is 16 of 30

Answer Stats

position country # player % Correct
MFEngland17Steven Gerrard
92%
FWEngland10Michael Owen
90%
FWEngland9Robbie Fowler
87%
FWEngland8Emile Heskey
85%
DFEngland23Jamie Carragher
85%
DFFinland12Sami Hyypiä
83%
ManagerFranceN/AGérard Houllier
83%
GKHolland1Sander Westerveld
79%
MFCzech Republic7Vladimir Smicer
78%
MFGermany16Dietmar Hamann
77%
DFSwitzerland2Stéphane Henchoz
77%
MFCzech Republic15Patrik Berger
71%
MFEngland13Danny Murphy
70%
MFScotland21Gary McAllister
67%
DFGermany6Markus Babbel
65%
MFCroatia25Igor Biscan
57%
MFFinland37Jari Litmanen
57%
MFEngland11Jamie Redknapp
57%
DFGermany3Christian Ziege
41%
MFEngland20Nick Barmby
41%
DFFrance29Djimi Traore
37%
DFNorway14Vegard Heggem
36%
GKFrance19Pegguy Arphexad
30%
DFFrance27Grégory Vignal
28%
MFFrance24Bernard Diomede
21%
DFEngland28Stephen Wright
19%
MFRep of Ireland28Richie Partridge
13%
GKDenmark26Jorgen Nielsen
12%
DFNorway30Frode Kippe
11%
MFEngland33Alan Navarro
3%

Score Distribution

Percentile by Number Answered

Percent of People with Each Score

Your Score History

You have not taken this quiz